000 00267nmm a2200097Ia 4500
008 220120s9999||||xx |||||||||||||||||und||
082 _a621.3845 JAM
100 _aJamsa, Kris Schmauder, Phil
_92046
245 0 _aWireless application programmers library
260 _c2001
999 _c138864
_d138864